Síť škol pro mládež vyžadující zvláštní péči ve školním roce 1986/1987
Na minha lista:
| Autor principal: | |
|---|---|
| Formato: | Livro |
| Idioma: | tcheco |
| Publicado em: |
Praha
Ústav školských informací při MŠ ČSR
1987
|
| Tags: |
Sem tags, seja o primeiro a adicionar uma tag!
|
MARC
| LEADER | 00000nam a2200000 4500 | ||
|---|---|---|---|
| 001 | c111605 | ||
| 005 | 20260108073114.4 | ||
| 041 | 0 | |a cze | |
| 044 | |a CZ | ||
| 245 | 1 | 0 | |a Síť škol pro mládež vyžadující zvláštní péči ve školním roce 1986/1987 |c Dagmar Martináková |
| 264 | 1 | |a Praha |b Ústav školských informací při MŠ ČSR |c 1987 | |
| 300 | |a 69 s. | ||
| 100 | 1 | |a Martináková, Dagmar | |